Khawateen Ke Masail (Record no. 595027)

000 -LEADER
fixed length control field 00400nam a22001457a 4500
020 ## - INTERNATIONAL STANDARD BOOK NUMBER
International Standard Book Number 9789692208529
082 ## - DEWEY DECIMAL CLASSIFICATION NUMBER
Classification number 297.082
Author Mark AZE
100 ## - MAIN ENTRY--PERSONAL NAME
Personal name Azeemi, Khawaja Shams Ul Deen
245 ## - TITLE STATEMENT
Title Khawateen Ke Masail
260 ## - PUBLICATION, DISTRIBUTION, ETC.
Place of publication, distribution, etc. Karachi :
Name of publisher, distributor, etc. Azeemi University Press,
Date of publication, distribution, etc. 2022.
300 ## - PHYSICAL DESCRIPTION
Extent 298 p. ;
Dimensions 22 cm.
563 ## - BINDING INFORMATION
Binding note HBK.
880 ## - ALTERNATE GRAPHIC REPRESENTATION
Linkage 245-02\r
Title خواتین کے مساۂل
942 ## - ADDED ENTRY ELEMENTS (KOHA)
Source of classification or shelving scheme
Koha item type Book
Holdings
Withdrawn status Lost status Source of classification or shelving scheme Damaged status Not for loan Permanent Location Current Location Shelving location Date acquired Source of acquisition Total Checkouts Full call number Barcode Date last seen Price effective from Koha item type Total Renewals Date last checked out
          Central Library (CL) Central Library (CL) First Floor - Islam 06/27/2023 Donated by Khawaja Shams Ul Deen Azeemi   297.082 AZE CL-D-2329 06/27/2023 06/27/2023 Book    
          Central Library (CL) Central Library (CL) First Floor - Islam 06/27/2023 Donated by Khawaja Shams Ul Deen Azeemi 1 297.082 AZE CL-D-2330 01/26/2026 06/27/2023 Book 2 09/17/2025
© 2023 Central Library, National University of Sciences and Technology. All Rights Reserved.